000 00600nam a2200253Ia 4500
005 20260306154515.0
008 008 260114s9999 xx 000 0 eng d
020 _a9781108588560
037 _aEBOOK
040 _aCRL
040 _beng
040 _cCRL
041 _2eng
041 _aeng
084 _qCRL
100 _aArcadi
_9895608
245 3 _aAn Incarnational Model of the Eucharist
260 _bCambridge University Press
260 _c2018
650 _a Philosophy
856 _uhttps://doi.org/10.1017/9781108588560
942 _cEBOOK
999 _c1707798
_d1707798